LEADER 00915nam0-22003131i-450- 001 990000376950403321 005 20001010 010 $a0-89116-822-2 035 $a000037695 035 $aFED01000037695 035 $a(Aleph)000037695FED01 035 $a000037695 100 $a20001010d--------km-y0itay50------ba 101 0 $aita 105 $ay-------001yy 200 1 $aNUMERICAL Modelling in Combustion$fEdited by T.J. Chung. 210 $aHuntsville$cTaylor & Francis$d1984 215 $aXXIV, 549 p., ill., 30 cm 225 1 $aSeries in Computational and Physical Processes in Mechanics and Thermal Sciences 676 $a541.3'61-dc20 702 1$aChung,$bT.J. 801 0$aIT$bUNINA$gRICA$2UNIMARC 901 $aBK 912 $a990000376950403321 952 $a04 000-332$b1991/L$fDINCH 959 $aDINCH 996 $aNUMERICAL Modelling in Combustion$9135716 997 $aUNINA DB $aING01 LEADER 00956nam 2200349 450 001 9910138299203321 005 20221010212840.0 010 $a953-51-6506-2 035 $a(CKB)3230000000075585 035 $a(NjHacI)993230000000075585 035 $a(EXLCZ)993230000000075585 100 $a20221010d2011 uy 0 101 0 $aeng 135 $aur||||||||||| 181 $ctxt$2rdacontent 182 $cc$2rdamedia 183 $acr$2rdacarrier 200 00$aApproaches to bronchitis /$fedited by Marianna Gac?a 210 1$a[Place of publication not identified] :$cInTech,$d[2011] 210 4$dİ2011 215 $a1 online resource (80 pages) 311 $a953-307-770-0 606 $aBronchitis 615 0$aBronchitis. 676 $a616.23 702 $aGac?a$b Marianna 801 0$bNjHacI 801 1$bNjHacl 906 $aBOOK 912 $a9910138299203321 996 $aApproaches to Bronchitis$92187882 997 $aUNINA